Cien autores ecuatorianos V : Juan Montalvo Fiallos, Numa Pompilio Llona Echeverry /
Colección antológica de la literatura latinoamericana, publicada hacia el bienio 1958-1959, que recoge creaciones de un total de cien autoras y autores, que vivieron entre 1566 y 1956. El Acervo Xavier Clavigero cuenta con los volúmenes 2, 3, 4, 5, 6, 7, 8, 9 y 10, que suman 45 firmas. El volumen 5...
Збережено в:
| Автор: | |
|---|---|
| Інші автори: | |
| Формат: | Книга |
| Мова: | Іспанська |
| Опубліковано: |
Quito, Ecuador :
Ministerio de Educación Pública del Ecuador : Servicio Cooperativo Interamericano de Educación,
1958
|
| Серія: | (Biblioteca del Estudiante. Cien Autores Ecuatorianos ;
5) |
| Предмети: | |
| Теги: |
Немає тегів, Будьте першим, хто поставить тег для цього запису!
|
MARC
| LEADER | 00000nam^a2200000^a^4500 | ||
|---|---|---|---|
| 001 | 000629177 | ||
| 005 | 20260306000000.0 | ||
| 009 | 20260407175342.525 | ||
| 037 | |a Acervo Xavier Clavigero | ||
| 041 | |a ESP | ||
| 082 | |a 868. |b ECU V. 5 | ||
| 100 | |a Montalvo Fiallos, Juan |e (autor) | ||
| 240 | 1 | 1 | |a [Cien autores ecuatorianos] |
| 245 | 1 | 0 | |a Cien autores ecuatorianos V : |b Juan Montalvo Fiallos, Numa Pompilio Llona Echeverry / |c J. Montalvo Fiallos, N.P. Llona Echeverry. |
| 246 | 2 | |a Título en la cubierta: Cien autores ecuatorianos No. 5 | |
| 264 | 1 | |a Quito, Ecuador : |b Ministerio de Educación Pública del Ecuador : |b Servicio Cooperativo Interamericano de Educación, |c 1958 | |
| 300 | |a 79 p. | ||
| 336 | |a texto |b txt |2 rdacontenido | ||
| 337 | |a sin mediación |b n |2 rdamedio | ||
| 338 | |a volumen |b nc |2 rdasoporte | ||
| 440 | 1 | |a (Biblioteca del Estudiante. |p Cien Autores Ecuatorianos ; |v 5) | |
| 520 | |a Colección antológica de la literatura latinoamericana, publicada hacia el bienio 1958-1959, que recoge creaciones de un total de cien autoras y autores, que vivieron entre 1566 y 1956. El Acervo Xavier Clavigero cuenta con los volúmenes 2, 3, 4, 5, 6, 7, 8, 9 y 10, que suman 45 firmas. El volumen 5 contiene selecciones de los autores ubicados con los siguientes números: 26) Numa Pompilio Llona y Echeverri (1832-1907) y 27) Juan Montalvo Fiallos (1832-1889). El número 71 es omitido en la secuencia numérica de los fragmentos antologizados en la colección y por tanto, están identificados con los números 72-98. | ||
| 649 | |a XX | ||
| 650 | |a Literatura Ecuatoriana - |y Siglo XIX | ||
| 700 | |a Llona Echeverry, Numa Pompilio |e (autor) | ||
| 910 | |a Fondo General | ||
| 920 | |a Impresos - Libros | ||
| 930 | |a Colección General | ||
| 940 | |a Literatura | ||
| 905 | |a 101 | ||
| 901 | |a 055209 |b IT1 |c LIT |i 055209 |u 20260306 | ||
| 902 | |a https://opac.biblio.iteso.mx/vufind/Record/000629177 | ||